Microelectronics and Reliability

Gespeichert in:
Bibliographische Detailangaben
Format: Schriftenreihe
Sprache:Englisch
Veröffentlicht: Oxford Elsevier
Tags: Tag hinzufügen
Keine Tags, Fügen Sie das erste Tag hinzu!

MARC

LEADER 00000nas1a2200000 4500
001 0270009
005 20250701092116.2
022 |a 1872-941X 
022 |a 0026-2714 
041 0 |a eng 
044 |a GB 
245 1 0 |a Microelectronics and Reliability 
264 1 |a Oxford  |b Elsevier